Sociálna štruktúra uchádzačov o zamestnanie v SR

Bibliographic Details
Corporate Author: Slovensko. Štatistický úrad (Author)
Format: Article
Language:Slovak
PhysicalDescription:Tab.
Subjects:

MARC

LEADER 00000nab a2200000 a 4500
001 vtls001517607
003 SK-MaSNL
005 20260426071614.0
008 050304c2004 xo mr|p|||||||000 b|slo
015 |a SNKBUCL2005/03  |2 snkbucl 
038 |a SNKBUCL 
040 |a SNKBUCL  |b slo  |c SNKBUCL  |e AACR2 
041 0 |a slo 
044 |a xo  |c SK 
080 |a 31  |2 UDC-MRF-SK2 
080 |a 331.56  |x (437.6)  |2 UDC-MRF-SK2 
245 0 0 |a Sociálna štruktúra uchádzačov o zamestnanie v SR  |c Štatistický úrad Slovenskej republiky 
300 |b Tab. 
648 7 |a december 2004  |2 snkbucl  |9 1079411 
650 0 7 |a sociálna štruktúra  |2 snkbucl  |9 4855 
650 0 7 |a štatistické tabuľky  |2 snkbucl  |9 1191081 
650 0 7 |a nezamestnaní  |2 snkbucl  |9 18893 
651 7 |a Slovensko  |2 snkbucl  |9 14231 
710 1 |a Slovensko.  |b Štatistický úrad  |4 aut 
773 0 |t Bulletin  |g Č. 12 (2004), s. 21 
852 |a SNK  |b KIS3GCP 
999 |c 2680170  |d 2682100